=LDR 00000nam 2200000 4500 =001 NUTBA000000000004236 =005 20140906113543.0 =006 =007 =008 =020 ##$$a 978-979-691-254-6 =035 ##$$a 0010-091400000000269 =040 ##$$a Ind =082 ##$$a 657.48 =090 ##$$a 657.48$bCho i =100 ##$$a Choi, Frederick D.S =245 ##$$a International accounting + Akuntasi internasional$cFrederick D.S. Choi =260 ##$$a Jakarta$bSalemba empat$c2005. =300 ##$$a X,294 HLm$bIlus$c25 cm. =850 ##$$a NBPNMAT =990 ##$$a 21005988 =990 ##$$a 0001/BPAP-NTB/20142014